| 000 | 00436nam a22001697a 4500 | ||
|---|---|---|---|
| 005 | 20140313085905.0 | ||
| 008 | 140313b xxu||||| |||| 00| 0 eng d | ||
| 020 | _a0076000354 | ||
| 080 | _a510.2 | ||
| 245 | _aEveryday Mathematics/ | ||
| 250 | _a1 st.ed.; | ||
| 260 |
_aAmerica _bMcGraw Hill, _c2004, |
||
| 300 |
_a[224] f.: _bme il.; _c28 cm, |
||
| 650 | _aBazat e Matematikës, | ||
| 650 | _aMatematikë Elementare, | ||
| 942 |
_2udc _cBK |
||
| 999 |
_c422 _d422 |
||